000 00464 a2200157 4500
020 _a 8179290530
082 _a658.409 STE
090 _c4917
_d4917
100 _aStewart, Dorothy M.
245 _aComprehensive Handbook of Management Skills
_cStewart, Dorothy M.
260 _aNew Delhi:
_bA Maya Gower,
_c2003.
300 _a xxiv, 430 p. :
_bill. ;
_c24 cm.
500 _a Includes Index
650 _a1.Executive Ability.2.Management.
942 _cBK
_k658.409 STE
999 _c8794
_d8794